[Event "FRA-chT Top 12 final (Women)"]
[Site "Cesson Sevigne"]
[Date "2021.08.28"]
[Round "1.3"]
[White "Boutant, Jade"]
[Black "Bonvalot, Isabelle"]
[Result "0-1"]
[WhiteElo "1747"]
[BlackElo "1831"]
[PlyCount "92"]
[EventDate "2021.08.28"]
[EventType "team-k.o."]
[EventRounds "2"]
[EventCountry "FRA"]
[SourceTitle "CBM 204 Extra"]
[Source "ChessBase"]
[SourceDate "2021.11.30"]
[SourceVersion "1"]
[SourceVersionDate "2021.11.30"]
[SourceQuality "1"]
[WhiteTeam "Paris Club 608 (W)"]
[BlackTeam "Clichy Echecs 92 (W)"]
[WhiteTeamCountry "FRA"]
[BlackTeamCountry "FRA"]

1. c4 g6 2. Nc3 Bg7 3. d4 f5 4. Nf3 Nf6 5. g3 d6 6. Bg2 0-0 7. 0-0 c6 8. d5 e5 9. Bg5 c5 10. e4 h6 11. Bxf6 Qxf6 12. exf5 gxf5 13. Nh4 Bd7 14. Bh3 Qg5 15. Kh1 Na6 16. Ne4 fxe4 17. Bxd7 Rf6 18. Qg4 Qxg4 19. Bxg4 Raf8 20. Kg1 Nb4 21. f3 exf3 22. Rxf3 Rxf3 23. Bxf3 Nd3 24. Be4 Nxb2 25. Rb1 Nxc4 26. Rxb7 Nd2 27. Bf5 Nf3+ 28. Nxf3 Rxf5 29. Nd2 e4 30. Nxe4 Rxd5 31. Rxa7 Rd4 32. Nc3 Rd3 33. Nb5 c4 34. Ra8+ Kf7 35. Ra7+ Kg6 36. Rc7 c3 37. Kf1 d5 38. a4 Rd1+ 39. Ke2 Rd2+ 40. Ke1 d4 41. a5 Ra2 42. Rc6+ Kf5 43. a6 Ke4 44. a7 Ke3 45. Re6+ Kf3 46. Rd6 Ra1# 0-1

[Event "FRA-chT Top 12 final (Women)"]
[Site "Saint Quentin"]
[Date "2019.06.29"]
[Round "1.1"]
[White "Dornbusch, Tatiana"]
[Black "Bonvalot, Isabelle"]
[Result "1-0"]
[WhiteElo "2284"]
[BlackElo "1932"]
[PlyCount "83"]
[EventDate "2019.06.29"]
[EventType "team-k.o."]
[EventRounds "2"]
[EventCountry "FRA"]
[SourceTitle "CBM 191 Extra"]
[Source "ChessBase"]
[SourceDate "2019.09.30"]
[SourceVersion "1"]
[SourceVersionDate "2019.09.30"]
[SourceQuality "1"]
[WhiteTeam "Monaco (W)"]
[BlackTeam "Clichy Echecs 92 (W)"]
[WhiteTeamCountry "MNC"]
[BlackTeamCountry "FRA"]

1. d4 g6 2. Nf3 Bg7 3. g3 d6 4. Bg2 f5 5. c3 c6 6. 0-0 Nf6 7. Nbd2 0-0 8. Qb3+ d5 9. Ne5 Nbd7 10. Nd3 Kh8 11. Nf3 Ng4 12. h3 Ngf6 13. Ng5 Qb6 14. Ne6 Rf7 15. Qa3 h6 16. Ndf4 Kh7 17. Nxg7 Kxg7 18. Ne6+ Kh7 19. Bf4 Ne8 20. c4 Ndf6 21. cxd5 Nxd5 22. Nc5 Nxf4 23. gxf4 Nf6 24. Rac1 Rg7 25. Kh1 g5 26. Rc2 Qd8 27. fxg5 Rxg5 28. Qe3 Nd5 29. Qe5 f4 30. Be4+ Kg8 31. Rg1 Rxg1+ 32. Kxg1 Bxh3 33. Kh2 Qc8 34. Rc1 Nf6 35. Rg1+ Kf8 36. Qxf4 Ke8 37. Bf3 b6 38. Ne4 Be6 39. Nxf6+ exf6 40. Qxf6 Qc7+ 41. Kh1 Qf7 42. Bxc6+ 1-0

[Event "FRA-chT Top 12 (Women) GpB"]
[Site "Vandoeuvre"]
[Date "2019.05.03"]
[Round "3.3"]
[White "Choisy, Mathilde"]
[Black "Bonvalot, Isabelle"]
[Result "1-0"]
[WhiteElo "2113"]
[BlackElo "1936"]
[PlyCount "69"]
[EventDate "2019.05.02"]
[EventType "team-tourn"]
[EventRounds "5"]
[EventCountry "FRA"]
[SourceTitle "CBM 190 Extra"]
[Source "ChessBase"]
[SourceDate "2019.07.15"]
[SourceVersion "1"]
[SourceVersionDate "2019.07.15"]
[SourceQuality "1"]
[WhiteTeam "Vandoeuvre (W)"]
[BlackTeam "Clichy Echecs 92 (W)"]
[WhiteTeamCountry "FRA"]
[BlackTeamCountry "FRA"]

1. e4 g6 2. d4 Bg7 3. Nc3 c6 4. Nf3 d5 5. h3 f6 6. Bd3 Nh6 7. 0-0 Nf7 8. Re1 0-0 9. Bf1 h6 10. Nh4 Kh7 11. exd5 cxd5 12. Bd3 f5 13. Nf3 Nc6 14. Ne2 e5 15. dxe5 Nfxe5 16. Nf4 Nxd3 17. Nxd3 b6 18. Bf4 g5 19. Nfe5 Ne7 20. Bd2 a5 21. Qh5 Kg8 22. h4 Qd6 23. hxg5 hxg5 24. Bxg5 Ra7 25. Bf4 Qf6 26. Re3 d4 27. Rh3 Rd8 28. Re1 Ba6 29. Bg5 Qe6 30. Qh7+ Kf8 31. Bxe7+ Rxe7 32. Ng6+ Kf7 33. Rxe6 Rxe6 34. Nge5+ Kf8 35. Qxf5+ 1-0

[Event "Barcelona Sants op-A18th"]
[Site "Barcelona"]
[Date "2016.08.20"]
[Round "2"]
[White "Cruz Estrada, Filemon"]
[Black "Bonvalot, Isabelle"]
[Result "1-0"]
[WhiteElo "2349"]
[BlackElo "1966"]
[PlyCount "57"]
[EventDate "2016.08.19"]
[EventType "swiss"]
[EventRounds "10"]
[EventCountry "ESP"]
[SourceTitle "CBM 174 Extra"]
[Source "ChessBase"]
[SourceDate "2016.10.10"]
[SourceVersion "1"]
[SourceVersionDate "2016.10.10"]
[SourceQuality "1"]

1. c4 f5 2. d4 g6 3. g3 Bg7 4. Bg2 Nf6 5. Nf3 d6 6. b3 0-0 7. Bb2 a5 8. Nc3 Na6 9. 0-0 c5 10. e3 Rb8 11. Qe2 Bd7 12. Rfd1 Qe8 13. Rac1 b5 14. cxb5 Bxb5 15. Nxb5 Qxb5 16. Qxb5 Rxb5 17. Bf1 Rb6 18. Bc4+ Kh8 19. Bxa6 Rxa6 20. dxc5 dxc5 21. Rxc5 a4 22. Rc7 axb3 23. axb3 Rb6 24. Rxe7 Rxb3 25. Be5 Nh5 26. Bxg7+ Nxg7 27. Rdd7 Rg8 28. Ng5 h6 29. Ne6 1-0

[Event "Bois Colombes op"]
[Site "Bois Colombes"]
[Date "2014.06.11"]
[Round "?"]
[White "Abergel, Thal"]
[Black "Bonvalot, Isabelle"]
[Result "1-0"]
[WhiteElo "2404"]
[BlackElo "1903"]
[PlyCount "75"]
[EventDate "2013.06.11"]
[EventType "swiss"]
[EventRounds "6"]
[EventCountry "FRA"]
[SourceTitle "EXT 2015"]
[Source "ChessBase"]
[SourceDate "2014.11.20"]
[SourceVersion "1"]
[SourceVersionDate "2014.11.20"]
[SourceQuality "1"]

1. e4 g6 2. d4 Bg7 3. Nc3 d6 4. f4 a6 5. Nf3 b5 6. Be3 Bb7 7. Bd3 Nf6 8. e5 Nd5 9. Nxd5 Bxd5 10. h4 Qc8 11. h5 Qg4 12. Kf2 Nc6 13. h6 Bf8 14. c3 Bxf3 15. Qxf3 Qxf3+ 16. Kxf3 e6 17. b4 Ne7 18. a4 bxa4 19. Rxa4 Nd5 20. Bb5+ Kd8 21. Bc6 Ra7 22. Rha1 Bxh6 23. Rxa6 Rxa6 24. Rxa6 Ke7 25. f5 Bxe3 26. f6+ Nxf6 27. exf6+ Kxf6 28. Kxe3 h5 29. Ra7 h4 30. Rxc7 h3 31. gxh3 Rxh3+ 32. Bf3 g5 33. Kf2 Rh2+ 34. Bg2 Rh8 35. b5 d5 36. b6 Rb8 37. b7 Kg6 38. Bf1 1-0

[Event "Syre Memorial op 36th"]
[Site "Issy les Moulineaux"]
[Date "2013.05.12"]
[Round "6"]
[White "Bonvalot, Isabelle"]
[Black "Thomas, Ludovic"]
[Result "0-1"]
[WhiteElo "1892"]
[BlackElo "2207"]
[PlyCount "44"]
[EventDate "2013.05.08"]
[EventType "swiss"]
[EventRounds "7"]
[EventCountry "FRA"]
[SourceTitle "EXT 2015"]
[Source "ChessBase"]
[SourceDate "2014.11.20"]
[SourceVersion "1"]
[SourceVersionDate "2014.11.20"]
[SourceQuality "1"]

1. e4 d5 2. exd5 Qxd5 3. d4 Nc6 4. Nf3 Bg4 5. Be2 0-0-0 6. c4 Qh5 7. Be3 Nf6 8. Nc3 e6 9. a3 Bc5 10. b4 Bxd4 11. Nxd4 e5 12. Bxg4+ Nxg4 13. h3 f5 14. Rg1 exd4 15. hxg4 fxg4 16. Nd5 dxe3 17. fxe3 Ne5 18. Qa4 Nxc4 19. Ne7+ Kb8 20. b5 Qh4+ 21. g3 Qxe7 22. Qxc4 Qxe3+ 0-1

[Event "FRA-chT1"]
[Site "Sautron"]
[Date "2013.04.06"]
[Round "10.5"]
[White "Mikhael, Rachel"]
[Black "Bonvalot, Isabelle"]
[Result "0-1"]
[WhiteElo "1890"]
[BlackElo "1892"]
[PlyCount "30"]
[EventDate "2013.04.??"]
[EventType "team-match"]
[EventRounds "9"]
[EventCountry "FRA"]
[SourceTitle "EXT 2014"]
[Source "ChessBase"]
[SourceDate "2013.11.20"]
[SourceVersion "1"]
[SourceVersionDate "2013.11.20"]
[SourceQuality "1"]
[WhiteTeam "La Mendrolle"]
[BlackTeam "Clichy II"]
[WhiteTeamCountry "FRA"]
[BlackTeamCountry "FRA"]

1. e4 g6 2. d4 Bg7 3. Nf3 d6 4. d5 Nf6 5. Nc3 0-0 6. Bg5 c6 7. Qd2 cxd5 8. exd5 Qb6 9. 0-0-0 Ne4 10. Qe1 Nxg5 11. Nxg5 Bh6 12. h4 f6 13. Qxe7 fxg5 14. hxg5 Bg7 15. Rd3 Na6 0-1

[Event "FRA-chT1 1011"]
[Site "France"]
[Date "2010.11.13"]
[Round "2.8"]
[White "Bonvalot, Isabelle"]
[Black "Le Bail, Clara"]
[Result "0-1"]
[WhiteElo "1909"]
[BlackElo "2044"]
[PlyCount "105"]
[EventDate "2010.10.17"]
[EventType "team-tourn"]
[EventRounds "11"]
[EventCountry "FRA"]
[SourceTitle "EXT 2012"]
[Source "ChessBase"]
[SourceDate "2011.11.24"]
[SourceVersion "1"]
[SourceVersionDate "2011.11.24"]
[SourceQuality "1"]

1. e4 e6 2. d4 d5 3. exd5 exd5 4. Bd3 Nc6 5. c3 Bd6 6. Ne2 Nge7 7. Bf4 Ng6 8. Bxd6 Qxd6 9. Na3 a6 10. Qd2 Nce7 11. Qg5 Be6 12. Nc2 0-0-0 13. 0-0 h6 14. Qh5 Nf4 15. Nxf4 Qxf4 16. Ne3 g6 17. Qe2 Qd6 18. b4 f5 19. Rfe1 Bd7 20. a4 Rde8 21. a5 f4 22. Ng4 Nf5 23. Ne5 Nh4 24. f3 Bf5 25. b5 Bxd3 26. Qxd3 Rhf8 27. bxa6 Qxa6 28. Qc2 Nf5 29. Qb3 Ne3 30. Qa4 Re7 31. Ng4 h5 32. Ne5 Rfe8 33. Rac1 Nc4 34. Qb4 Nxe5 35. dxe5 Rxe5 36. Rxe5 Rxe5 37. Qf8+ Kd7 38. Qxf4 Qe6 39. Rf1 Re2 40. Qd4 Qe3+ 41. Qxe3 Rxe3 42. Rc1 Re2 43. Ra1 Re6 44. Kf2 Ra6 45. g4 b6 46. gxh5 gxh5 47. Ke3 Ke6 48. Rg1 Rxa5 49. Rg5 d4+ 50. Kf4 Rxg5 51. Kxg5 dxc3 52. Kg6 c2 53. f4 0-1

[Event "FRA-chB (Women)"]
[Site "Belfort"]
[Date "2010.??.??"]
[Round "1"]
[White "Bonvalot, Isabelle"]
[Black "Armas, Lara Maria"]
[Result "0-1"]
[WhiteElo "1952"]
[BlackElo "1988"]
[PlyCount "130"]
[EventDate "2010.08.09"]
[EventType "tourn"]
[EventRounds "11"]
[EventCountry "FRA"]
[SourceTitle "EXT 2011"]
[Source "ChessBase"]
[SourceDate "2010.11.26"]
[SourceVersion "1"]
[SourceVersionDate "2010.11.26"]
[SourceQuality "1"]

1. e4 c5 2. c3 d5 3. exd5 Qxd5 4. d4 Nf6 5. Nf3 Nc6 6. Be2 cxd4 7. cxd4 e6 8. 0-0 Be7 9. Nc3 Qd8 10. a3 0-0 11. Bb5 Qc7 12. Re1 Rd8 13. Bxc6 Qxc6 14. Ne5 Qb6 15. Nf3 Bd7 16. Qe2 Bc6 17. Ne5 Qxd4 18. Nxc6 bxc6 19. Be3 Qd3 20. Qf3 Nd5 21. Red1 Qc2 22. Rd2 Qb3 23. Bd4 Nxc3 24. bxc3 Qd5 25. Qg3 Qg5 26. Rb2 Qxg3 27. hxg3 Rd7 28. a4 Rad8 29. Kf1 c5 30. Be3 Bf6 31. Rb3 c4 32. Rba3 a6 33. Ke2 Rd3 34. Rc1 Rb8 35. Rc2 Kf8 36. Bc5+ Ke8 37. a5 Rc8 38. Bb4 Bg5 39. Raa2 e5 40. Rab2 Rb8 41. Rb1 Kd7 42. Rd1 e4 43. Re1 f5 44. Rh1 h6 45. Re1 Kc6 46. Rb2 Rb5 47. Rc2 Rbd5 48. f4 Rxg3 49. Kf2 Bxf4 50. Ra1 e3+ 51. Kg1 Rd2 52. Rxd2 exd2 53. Kf2 Rd3 54. Rd1 Kb5 55. Ke2 g6 56. Rf1 d1Q+ 57. Rxd1 Rxd1 58. Kxd1 Bc7 59. Bf8 Bxa5 60. Kd2 h5 61. Bg7 Bd8 62. Ke3 Bg5+ 63. Kd4 a5 64. Be5 a4 65. Bd6 Bc1 0-1

[Event "FRA-chB (Women)"]
[Site "Belfort"]
[Date "2010.??.??"]
[Round "4"]
[White "Bonvalot, Isabelle"]
[Black "Neuhauser, Salome"]
[Result "0-1"]
[WhiteElo "1952"]
[BlackElo "2054"]
[PlyCount "62"]
[EventDate "2010.08.09"]
[EventType "tourn"]
[EventRounds "11"]
[EventCountry "FRA"]
[SourceTitle "EXT 2011"]
[Source "ChessBase"]
[SourceDate "2010.11.26"]
[SourceVersion "1"]
[SourceVersionDate "2010.11.26"]
[SourceQuality "1"]

1. e4 c5 2. Nf3 g6 3. c3 Bg7 4. d4 cxd4 5. cxd4 d5 6. e5 Bg4 7. h3 Bxf3 8. Qxf3 Nc6 9. Bb5 e6 10. Bxc6+ bxc6 11. Nc3 Ne7 12. Bg5 Qb6 13. Bxe7 Kxe7 14. 0-0 Qxd4 15. Rac1 Rhc8 16. b4 Qxe5 17. Na4 Kf8 18. Nc5 Kg8 19. Rfe1 Qf6 20. Qg3 Qe7 21. h4 a5 22. a3 axb4 23. axb4 Ra2 24. h5 Qf6 25. Nd7 Qd4 26. b5 Qa7 27. bxc6 Rxf2 28. Kh1 Rf5 29. Qe3 Rxh5+ 30. Kg1 Bd4 31. Nf6+ Kh8 0-1

[Event "FRA-chB (Women)"]
[Site "Belfort"]
[Date "2010.??.??"]
[Round "11"]
[White "Griggio, Julie"]
[Black "Bonvalot, Isabelle"]
[Result "1/2-1/2"]
[WhiteElo "1795"]
[BlackElo "1952"]
[PlyCount "85"]
[EventDate "2010.08.09"]
[EventType "tourn"]
[EventRounds "11"]
[EventCountry "FRA"]
[SourceTitle "EXT 2011"]
[Source "ChessBase"]
[SourceDate "2010.11.26"]
[SourceVersion "1"]
[SourceVersionDate "2010.11.26"]
[SourceQuality "1"]

1. e4 g6 2. d4 Bg7 3. Nf3 d6 4. Bd3 a6 5. 0-0 b5 6. a4 b4 7. c3 bxc3 8. Nxc3 Bg4 9. Be3 Nd7 10. h3 Bxf3 11. Qxf3 e5 12. d5 Ne7 13. Qe2 Qc8 14. b4 0-0 15. b5 f5 16. f3 axb5 17. Bxb5 Qd8 18. a5 Nb8 19. Qc4 Kh8 20. a6 Nd7 21. Na2 Nb6 22. Qe2 c5 23. dxc6 d5 24. Bc5 Qc7 25. Nc3 fxe4 26. fxe4 Rxf1+ 27. Rxf1 Nxc6 28. Nxd5 Nxd5 29. exd5 Nd4 30. Bxd4 exd4 31. Qc4 Qxc4 32. Bxc4 Rc8 33. a7 d3 34. Bxd3 Bd4+ 35. Kh1 Bxa7 36. Bb5 Bb8 37. Bc6 Kg7 38. g4 Rf8 39. Rxf8 Kxf8 40. Kg2 Ke7 41. Kf3 Kf6 42. h4 h6 43. Bd7 1/2-1/2

[Event "FRA-chB (Women)"]
[Site "Belfort"]
[Date "2010.??.??"]
[Round "5"]
[White "Rigolot, Lucie"]
[Black "Bonvalot, Isabelle"]
[Result "1-0"]
[WhiteElo "1902"]
[BlackElo "1952"]
[PlyCount "93"]
[EventDate "2010.08.09"]
[EventType "tourn"]
[EventRounds "11"]
[EventCountry "FRA"]
[SourceTitle "EXT 2011"]
[Source "ChessBase"]
[SourceDate "2010.11.26"]
[SourceVersion "1"]
[SourceVersionDate "2010.11.26"]
[SourceQuality "1"]

1. e4 g6 2. d4 Bg7 3. Nc3 c6 4. Be3 d5 5. Qd2 f6 6. 0-0-0 Be6 7. Bd3 dxe4 8. Bxe4 f5 9. Bf3 Nf6 10. h4 Qa5 11. a3 Bf7 12. Nh3 Nbd7 13. Qe2 Nb6 14. Bd2 Nc4 15. Nd5 Qd8 16. Nxf6+ Bxf6 17. Bg5 0-0 18. g4 Qb6 19. c3 Qb3 20. gxf5 Qa2 21. Qc2 Na5 22. Qb1 Qc4 23. Rd3 c5 24. Bxf6 exf6 25. Kd1 Rfe8 26. Nf4 gxf5 27. Be2 Re4 28. Rg3+ Kh8 29. Bxc4 Bxc4 30. Nd3 Bb3+ 31. Kc1 b6 32. Re1 cxd4 33. Rxe4 fxe4 34. Nb4 d3 35. Nxd3 Rd8 36. Kd2 Bc4 37. Qh1 Nb3+ 38. Ke3 exd3 39. Qc6 Rf8 40. Qxc4 f5 41. f4 Re8+ 42. Kxd3 Rd8+ 43. Kc2 Nc5 44. Qf7 Rd2+ 45. Kxd2 Ne4+ 46. Kc2 Nxg3 47. Qf8# 1-0

[Event "FRA-chB (Women)"]
[Site "Belfort"]
[Date "2010.??.??"]
[Round "2"]
[White "Vinckier, Delphine"]
[Black "Bonvalot, Isabelle"]
[Result "0-1"]
[WhiteElo "1830"]
[BlackElo "1952"]
[PlyCount "106"]
[EventDate "2010.08.09"]
[EventType "tourn"]
[EventRounds "11"]
[EventCountry "FRA"]
[SourceTitle "EXT 2011"]
[Source "ChessBase"]
[SourceDate "2010.11.26"]
[SourceVersion "1"]
[SourceVersionDate "2010.11.26"]
[SourceQuality "1"]

1. e4 g6 2. d4 Bg7 3. Nc3 d6 4. Be3 c6 5. Qd2 a5 6. h4 h5 7. Nh3 b5 8. a3 Nd7 9. d5 cxd5 10. Qxd5 Rb8 11. Ng5 Nh6 12. Bxb5 0-0 13. a4 Ng4 14. Qd2 Nxe3 15. Qxe3 Ne5 16. 0-0 Bd7 17. Qe2 Bxb5 18. Nxb5 Qb6 19. c3 Rfc8 20. Rab1 Ng4 21. Qf3 Bf6 22. Qf4 Rc5 23. Qd2 Rd8 24. Nf3 Rc4 25. Nfd4 Bxh4 26. b3 Rcc8 27. g3 Bf6 28. Kg2 d5 29. f3 Ne5 30. f4 Ng4 31. e5 Bg7 32. Rbe1 e6 33. Qd3 Bf8 34. Rh1 Be7 35. Rhf1 Kg7 36. Rh1 Rh8 37. Qf3 Nh6 38. Qe3 Qc5 39. Re2 Ng4 40. Qf3 Qb6 41. Ree1 Bc5 42. Rd1 Nh6 43. Qe2 Bxd4 44. Rxd4 Nf5 45. Rd3 Qb7 46. Qf3 Qb6 47. Qe2 h4 48. gxh4 Nxh4+ 49. Kf1 Nf5 50. Rxh8 Rxh8 51. Kg2 Rh4 52. Qf1 Ne3+ 53. Rxe3 Qxe3 0-1

[Event "Athens Acropolis op-B 24th"]
[Site "Chalkida"]
[Date "2009.08.15"]
[Round "6"]
[White "Bonvalot, Isabelle"]
[Black "Vakalis, Angelos"]
[Result "1-0"]
[WhiteElo "1971"]
[BlackElo "1597"]
[PlyCount "79"]
[EventDate "2009.08.10"]
[EventType "swiss"]
[EventRounds "9"]
[EventCountry "GRE"]
[SourceTitle "CBM 132 Extra"]
[Source "ChessBase"]
[SourceDate "2009.11.03"]
[SourceVersion "1"]
[SourceVersionDate "2009.11.03"]
[SourceQuality "1"]

1. e4 c5 2. c3 d5 3. exd5 Qxd5 4. d4 Nf6 5. h3 Nc6 6. Nf3 Bf5 7. Be3 cxd4 8. cxd4 e6 9. Nc3 Qd7 10. Bb5 Rd8 11. 0-0 Bb4 12. Ne5 Qc7 13. Qa4 Bxc3 14. Nxc6 bxc6 15. Bxc6+ Nd7 16. bxc3 0-0 17. Bxd7 Rxd7 18. c4 Rc8 19. Rfd1 Qb7 20. Rac1 Be4 21. f3 Bc6 22. Qb3 Qa6 23. Rd2 Rb7 24. Qc3 Bb5 25. c5 Bc6 26. Rb2 Rcb8 27. Rcc2 h6 28. Bf4 Rxb2 29. Rxb2 Rxb2 30. Qxb2 Bd5 31. a3 Kh7 32. Kh2 Qd3 33. a4 Bc6 34. Qb4 Qa6 35. a5 Qd3 36. Be5 Qe2 37. Qb1+ g6 38. Qb8 g5 39. Qh8+ Kg6 40. Qf6+ 1-0

[Event "FRA-ch rap (Women)"]
[Site "Rennes"]
[Date "2009.??.??"]
[Round "?"]
[White "Benmesbah, Natacha"]
[Black "Bonvalot, Isabelle"]
[Result "1/2-1/2"]
[WhiteElo "2150"]
[BlackElo "2000"]
[PlyCount "101"]
[EventDate "2009.06.??"]
[EventType "swiss (rapid)"]
[EventRounds "7"]
[EventCountry "FRA"]
[SourceTitle "EXT 2010"]
[Source "ChessBase"]
[SourceDate "2010.11.25"]
[SourceVersion "1"]
[SourceVersionDate "2010.11.25"]
[SourceQuality "1"]

1. e4 g6 2. d4 Bg7 3. Nc3 c6 4. Bd3 d6 5. Be3 Nd7 6. Nf3 e5 7. 0-0 Ngf6 8. h3 0-0 9. Qe2 Qe7 10. dxe5 dxe5 11. Nd2 Nc5 12. Nb3 Nxd3 13. Qxd3 Rd8 14. Qe2 b6 15. Rad1 Be6 16. a4 Qb4 17. Nd2 Qxb2 18. Ndb1 Qb4 19. Rfe1 Nxe4 20. Nxe4 Qxe4 21. a5 Bc4 22. Qg4 Qxg4 23. hxg4 c5 24. Na3 Be6 25. g5 f5 26. gxf6 Bxf6 27. Rxd8+ Rxd8 28. Rb1 e4 29. axb6 axb6 30. Rxb6 Rd1+ 31. Kh2 Be5+ 32. g3 Bg4 33. Rb1 Rxb1 34. Nxb1 Bd4 35. Nd2 Bf5 36. Nb3 Bxe3 37. fxe3 c4 38. Nd2 c3 39. Nb1 Kf7 40. Nxc3 Bg4 41. Nb5 h5 42. Nd4 g5 43. Nb3 Bd1 44. Nd4 Bg4 45. Nb3 Bd1 46. Nd4 Bg4 47. Nb3 Bh3 48. Nd4 Bd7 49. Nb3 Be8 50. Nd4 Bd7 51. Kg2 1/2-1/2

[Event "FRA-chT1B 0607"]
[Site "France"]
[Date "2007.02.11"]
[Round "8.8"]
[White "Baujard, Anne"]
[Black "Bonvalot, Isabelle"]
[Result "1-0"]
[WhiteElo "1932"]
[BlackElo "1953"]
[PlyCount "51"]
[EventDate "2006.10.15"]
[EventType "team"]
[EventRounds "11"]
[EventCountry "FRA"]
[SourceTitle "EXT 2008"]
[Source "ChessBase"]
[SourceDate "2007.11.25"]
[SourceVersion "1"]
[SourceVersionDate "2007.11.25"]
[SourceQuality "1"]
[WhiteTeam "Epinal"]
[BlackTeam "Vincennes"]
[WhiteTeamCountry "FRA"]
[BlackTeamCountry "FRA"]

1. d4 f5 2. Bf4 d6 3. e3 g6 4. h4 h6 5. Nf3 Nf6 6. Nbd2 Bg7 7. Bc4 e6 8. Qe2 0-0 9. 0-0-0 Nc6 10. c3 a6 11. Bb3 b5 12. e4 Nh5 13. Bh2 f4 14. e5 d5 15. Bc2 Ne7 16. Ng1 Nf5 17. Bxf5 Rxf5 18. g4 fxg3 19. fxg3 Rf7 20. Nh3 Bf8 21. Rdf1 Rxf1+ 22. Rxf1 Ng7 23. Qf3 Nf5 24. g4 Qxh4 25. gxf5 exf5 26. Qxd5+ 1-0

[Event "FRA-chT2 0405"]
[Site "France"]
[Date "2005.02.06"]
[Round "7.9"]
[White "Bonvalot, Isabelle"]
[Black "Rabineau, Clement"]
[Result "0-1"]
[WhiteElo "1954"]
[BlackElo "2126"]
[PlyCount "140"]
[EventDate "2004.10.10"]
[EventType "team"]
[EventRounds "11"]
[EventCountry "FRA"]
[SourceTitle "EXT 2006"]
[Source "ChessBase"]
[SourceDate "2005.11.24"]
[SourceVersion "1"]
[SourceVersionDate "2005.11.24"]
[SourceQuality "1"]
[WhiteTeam "Vincennes"]
[BlackTeam "Clichy  II"]
[WhiteTeamCountry "FRA"]
[BlackTeamCountry "FRA"]

1. e4 c5 2. c3 d5 3. exd5 Qxd5 4. d4 Nc6 5. Nf3 e5 6. dxe5 Qxd1+ 7. Kxd1 Bg4 8. Bb5 0-0-0+ 9. Nbd2 Nxe5 10. Kc2 Bf5+ 11. Kb3 Nd3 12. Bxd3 Bxd3 13. Ne5 Bf5 14. a4 Ne7 15. c4 Be6 16. Ne4 f6 17. Nxc5 Bg8 18. Ned7 Rxd7 19. Nxd7 Kxd7 20. Bf4 Nc6 21. Rad1+ Kc8 22. Rhe1 Bf7 23. Re3 Bc5 24. Red3 Rd8 25. Rxd8+ Nxd8 26. f3 Nc6 27. Kc3 a5 28. b3 Ne5 29. Kb2 b6 30. Ka2 Nc6 31. Bd6 Nd4 32. Bxc5 bxc5 33. Kb2 Kd7 34. Re1 Bg6 35. f4 Bf5 36. Re3 h5 37. h4 Bg4 38. g3 Bf5 39. Kc3 Bc2 40. Kb2 Bd1 41. Rd3 Bg4 42. Re3 Bf5 43. Rc3 Ke7 44. Re3+ Kf7 45. Rc3 Kg6 46. Re3 Be6 47. Kc3 Kf5 48. Kd2 Kg4 49. Kc3 g6 50. Kd2 Kh3 51. Kc3 Kg2 52. Rd3 Kf2 53. Kb2 Bf5 54. Rd1 Kxg3 55. Re1 Be6 56. Rg1+ Kxf4 57. Rxg6 Ke5 58. Rh6 Bg4 59. Rh7 f5 60. Rd7 f4 61. Rd5+ Ke6 62. Rxc5 f3 63. Rxa5 f2 64. Ra6+ Ke5 65. Ra5+ Ke4 66. Ra7 f1Q 67. Re7+ Kd3 68. a5 Qd1 69. Rb7 Nc2 70. b4 Qa1+ 0-1